Modern Art and Popular Culture / Readings in High and Low (Record no. 1849)
[ view plain ]
| 000 -LEADER | |
|---|---|
| fixed length control field | 01212cam a22002054a 4500 |
| 005 - ΗΜΕΡΟΜΗΝΙΑ ΚΑΙ ΩΡΑ ΤΕΛΕΥΤΑΙΑΣ ΕΝΗΜΕΡΩΣΗΣ | |
| Πεδίο ελέγχου | 20250605164021.0 |
| 008 - FIXED-LENGTH DATA ELEMENTS--GENERAL INFORMATION | |
| Πεδίο ελέγχου σταθερού μήκους | 250528s ||||||||||||||||||||||||d |
| 035 ## - SYSTEM CONTROL NUMBER | |
| System control number | 16338 |
| 020 ## - ISBN | |
| ISBN | 810924668 |
| 040 ## - ΠΗΓΗ ΚΑΤΑΛΟΓΟΓΡΑΦΗΣΗΣ | |
| Φορέας πρωτότυπης καταλογογράφησης | MC Athens Campus Library |
| Γλώσσα καταλογογράφησης | Ελληνικά, Μοντέρνα (1453-) |
| Modifying agency | MC Athens Campus Library |
| Κανόνες περιγραφικής καταλογογράφησης | AACR2 |
| 245 1# - ΤΙΤΛΟΣ ΚΑΙ ΔΗΛΩΣΗ ΥΠΕΥΘΥΝΟΤΗΤΑΣ | |
| Τίτλος | Modern Art and Popular Culture / Readings in High and Low |
| 260 ## - PUBLICATION, DISTRIBUTION, ETC. | |
| Name of publisher, distributor, etc. | A&C Black, |
| Date of publication, distribution, etc. | 1990 |
| 300 ## - PHYSICAL DESCRIPTION | |
| Extent | 336 |
| 520 ## - SUMMARY, ETC. | |
| Summary, etc. | This book offers critical and scholarly essays on seminal moments in this history. Introduction, High and Low Before their Time: Bernini and the Art of Social Satire, Subjects from Common Life in the Real Language of Men: Popular Art and Modern Tradition in Nineteenth-Century French Painting, Picasso and Collage and the Music Hall, Cubism as Pop Art, A Brazen Can-Can in the Temple of Art: The Russian Avant-Garde and Popular Culture, No Joy in Mudville: Greenberg's Modernism Then and Now, The Independent Group: British and American Pop Art and a ''Palimpsestuous'' Legacy, Golden Days, The Last Cause: At the Bethany Theatre Until June 23, Index, Illustrations, Photograph Credits and Sources. |
| 700 1# - ΠΡΟΣΘΕΤΗ ΑΝΑΓΡΑΦΗ--ΦΥΣΙΚΟ ΠΡΟΣΩΠΟ | |
| Personal name | Gopnik Adam |
| 9 (RLIN) | 2422 |
| 700 1# - ΠΡΟΣΘΕΤΗ ΑΝΑΓΡΑΦΗ--ΦΥΣΙΚΟ ΠΡΟΣΩΠΟ | |
| Personal name | Varnedoe Kirk |
| 9 (RLIN) | 2423 |
| 942 ## - ADDED ENTRY ELEMENTS (KOHA) | |
| Koha item type | Books |
| Τύπος τεκμηρίου | Βιβλιοθήκη | Τρέχουσα τοποθεσία | Barcode | Αριθμός εισαγωγής | Ημερομηνία απόκτησης | Ταξιθετικό σύμβολο | Αριθμός αντιτύπου | Κατάσταση απόσυρσης | Κατάσταση χαμένου | Κατάσταση κατεστραμμένου | Μη δανεισμός | Σύνολο δανεισμών | Ημερομηνία τελευταίας εμφάνισης | Η τιμή ισχύει από |
|---|---|---|---|---|---|---|---|---|---|---|---|---|---|---|
| Books | MC Athens Campus Library | MC Athens Campus Library | 9780000018489 | 3428 | 05/06/2025 | 700/.9/04 VAR | 1 | 05/06/2025 | 05/06/2025 |